03107cam a2200337 i 45000010009000000050017000090080041000260100017000670200018000840200018001020410008001200420008001280820014001361000015001502450066001652600048002312640057002793000041003363360026003773370028004033380027004315000051004585201794005096500023023036500024023267760138023509060045024889420007025339990017025409520212025572178827120250403142555.0201028s2021 maua b 001 0 eng  a 2020047844 a9781647820442 z9781647820459 aeng apcc00a650.1 GOR1 aNg, Gorick14aThe Unspoken Rules: Secrets To Starting Your Career Off Right aBostonbHarvard Business Review Pressc2021 1aBoston, MA :bHarvard Business Review Press,c[2021] a 261 pages :billustrations ;c24 cm atextbtxt2rdacontent aunmediatedbn2rdamedia avolumebnc2rdacarrier aIncludes bibliographical references and index. a"What will separate you from the rest early in your career? The ability to take ownership, manage expectations, navigate people dynamics, and communicate professionally-skills that school doesn't teach. Most career guides assume that you already know how the working world works. But if you're starting your very first job or taking a job in a new company, you might not know all the unspoken rules that determine who gets ahead and who doesn't. In The Unspoken Rules, you'll learn the basic workplace skills necessary for success. From the author: "Why didn't anyone ever tell me this?! I've lost count of the number of times I've asked myself this question. As the son of a single mother who dropped out of school at the age of twelve to work in a sewing-machine factory, I missed the lesson on the unspoken rules of the professional workplace. Instead, I learned my lesson the hard way-through trial and error. Now I'm on a mission to discover and decode the unspoken rules of work and share them with others. Over the last four years, I've interviewed over five hundred interns, early career professionals, managers, and executives, from HR to finance, law firms to tech companies, across the globe. My conversations revolved around three key topics: What are the most common mistakes early-career professionals make at work? What would you do differently if you could relive your first years on the job? What do you think separates top performers from mediocre ones? After testing the advice I gathered from these hundreds of interviews, I started coaching other early-career professionals. Now I'm distilling everything I've learned into a step-by-step guide called The Unspoken Rules. We all have what it takes to be a top performer. It begins with mastering the unspoken rules.""-- 0aCareer development 0aSuccess in business08iOnline version:aNg, Gorick,tThe unspoken rulesdBoston, MA : Harvard Business Review Press, [2021]z9781647820459w(DLC) 2020047845 a7bcbccorignewd1eecipf20gy-gencatlg cBK c43529d43529 00102ddc4070aIMTNbIMTNcRack 18-Bd2025-03-26eRaghav Books Private Limitedg1199.00i2374l1m2o650.1 GORp33809r2025-08-06 00:00:00s2025-07-02t30w2025-02-14yBKzDr. Mantha Raghu (Head Librarian)